000 00374nam a2200157Ia 4500
008 240729s9999 xx 000 0 und d
022 _a2673-7418
245 0 _aGeomatics
260 _aSwitzerland
260 _bMDPI AG
650 _a Geology
650 _aScience
856 _uhttps://doaj.org/toc/f6769cdc95054dea94db2f1b4c5ad49c
942 _2ddc
942 _cDOAJEJ
999 _c71826
_d71826
945 _a1
_bMadushi Gamage
_c1
_dMadushi Gamage